Reglamento del Centro de Instrucción y Recreo El Faro de la Bordeta
Descripción Física:
12 p. ; 16 cm
MARC
| LEADER | 00000nam a2200000Ia 4500 | ||
|---|---|---|---|
| 001 | 20713 | ||
| 008 | 160829s1899 xx 000 0 cat d | ||
| 080 | |a 3400, exp. 9 | ||
| 100 | |a Centro de Instrucción y Recreo El Faro de la Bordeta |9 43598 | ||
| 245 | |a Reglamento del Centro de Instrucción y Recreo El Faro de la Bordeta | ||
| 260 | |a Barcelona : |b Imprenta de Enrique Aleu Sedó, |c 1899 | ||
| 300 | |a 12 p. ; |c 16 cm | ||
| 650 | |a Centro de Instrucción y Recreo El Faro de la Bordeta |x Reglaments i procediment |9 43599 | ||
| 901 | |a Arxiu | ||
| 942 | |n 1 | ||
| 952 | |0 0 |1 0 |4 0 |6 3400_EXP_9 |7 1 |9 51524 |a Arxiu |b Arxiu |d 2016-12-01 |l 0 |o 3400, exp. 9 |p 20713 |r 2016-12-01 00:00:00 |w 2016-12-01 |y ARXIU | ||
| 999 | |c 55369 |d 55369 | ||